00318nam a2200121 a 450000500170000000800410001702000180005805000170007624500280009326000500012130000150017150000100018620140414132030.0040128s19uu xx 00 eng d a0-8136-3950-6 aTRbM99 1995 aMy family, Your family. aNew Jersey :bModern Curriculum Press,c1995. ap. ; cm. aTR/PS